Research programme in the fisheries sector 1988-1992 | Synopsis of far projects (Record no. 32687)

000 -Cabeçalho do registo
Cabeçalho 00549nam 22001573 4500
001 - Identificador do registo
Campo de controlo 32687
100 ## - Dados gerais de processamento
Dados gerais de processamento 20260407d1992 u||y0engy50 ba
101 ## - Língua de publicação
Língua do texto, banda sonora, etc. Inglês
102 ## - Pais de publicação ou produção
País de publicação Bélgica
200 ## - Titulo e menção de responsabilidade
Título próprio Research programme in the fisheries sector 1988-1992
Informação de outro título Synopsis of far projects
Primeira menção de responsabilidade A. Laurec
Outras menções de responsabilidade Commission of the European communities
210 ## - Publicação, Distribuição, etc.
Lugar da edição, distribuição, etc. Belgica, Bruxelas
Nome do editor, distribuidor, etc. Commission of the European Communities
Data da publicação, distribuição, etc. 1992
215 ## - Descrição física
Indicação específica da natureza do documento e extensão da espécie 255 p.
Dimensões 31 cm
700 ## - Nome de autor-pessoa física (responsabilidade principal)
Palavra de ordem Laurec
Outra parte do nome não tomada para palavra de ordem A.
701 ## - Nome de autor-pessoa física (co-responsabilidade principal)
Outra parte do nome não tomada para palavra de ordem W. J. Brugge
710 ## - Nome de colectividade-autor (responsabilidade principal)
Palavra de ordem FAR (Fisheries and Aquaculture Research)
Holdings
Situação do extravio Data de aquisição Número de registo Biblioteca de aquisição Biblioteca de empréstimo Cota Fim da data de empréstimo Permissão de empréstimo Tipo de documento Forma de aquisição
  2026-04-07 11645 Biblioteca de Algés Biblioteca de Algés 11645 2026-04-07 Emprestado Monografias Oferta

Powered by Koha